Money demand in Guayana

Gespeichert in:
Bibliographische Detailangaben
1. Verfasser: Egoumé-Bossogo, Philippe
Format: Buch
Sprache:Englisch
Veröffentlicht: Washington International Monetary Fund 2000
Schriftenreihe:IMF Working Paper WP/00/119
Schlagworte:
Tags: Tag hinzufügen
Keine Tags, Fügen Sie das erste Tag hinzu!

MARC

LEADER 00000nam a2200000 4500
001 c124318
005 20221221083013.7
041 0 |a eng 
044 |a US 
245 1 0 |a Money demand in Guayana  |c Philippe Egoumé-Bossogo 
264 1 |a Washington  |b International Monetary Fund  |c 2000 
300 |a 38 s. 
490 1 |a IMF Working Paper  |v WP/00/119 
830 0 |a IMF Working Paper  |v WP/00/119 
610 2 0 |a politika menová 
610 2 0 |a politika peňažná 
610 2 0 |a dopyt 
610 2 0 |a Guyana 
610 2 0 |a modely dopytu 
100 1 |a Egoumé-Bossogo, Philippe